000 00203 a2200109 4500
020 _a9788496544079
041 _aspa
100 _aPaolini, Christopher
245 _aEldest
942 _cBK
999 _c8351
_d8351
999 _d8351